| 000 | 01323cam a22003251 4500 | ||
|---|---|---|---|
| 001 | agr29000838 | ||
| 003 | DLC | ||
| 005 | 20260227110949.0 | ||
| 008 | 880210s1928 gw a b 000 0 ger c | ||
| 010 | _aagr29000838 | ||
| 035 | _a(OCoLC)17459285 | ||
| 040 |
_aLibrary, U.S. Dept. of Agriculture _cCU _dCU _dDLC |
||
| 042 | _apremarc | ||
| 050 | 0 | 0 |
_aQK45 _b.S75 1928 |
| 070 | 0 |
_a463 _bSt8L |
|
| 100 | 1 |
_aStrasburger, Eduard, _d1844-1912. |
|
| 245 | 0 | 0 |
_aLehrbuch der Botanik für Hochschulen, _cbegründet 1894, von Eduard Strasburger, Fritz Noll, Heinrich Schenck, A.F. Wilhelm Schimper. |
| 250 |
_a17., umgearb. Aufl., _bbearb. von Dr. Hans Fitting ... Dr. Hermann Sierp ... Dr. Richard Harder ... [und] Dr. Georg Karsten ... |
||
| 260 |
_aJena, _bG. Fischer, _c1928. |
||
| 300 |
_aix, 651, [1] p. _billus. (part col.) _c25 cm. |
||
| 504 | _a"Literaturnachweise": p. [597]-618. | ||
| 650 | 0 | _aBotany. | |
| 700 | 1 |
_aNoll, Fritz, _d1858-1908, _ejoint author. |
|
| 700 | 1 |
_aSchenck, H. _q(Heinrich), _d1860-1927, _ejoint author. |
|
| 700 | 1 |
_aSchimper, A. F. W. _q(Andreas Franz Wilhelm), _d1856-1901, _ejoint author. |
|
| 700 | 1 |
_aFitting, Hans, _d1877- _eed. |
|
| 700 | 1 |
_aSierp, Hermann, _d1885- _ejoint ed. |
|
| 700 | 1 |
_aHarder, Nikolaus Richard, _d1888- _ejoint ed. |
|
| 700 | 1 |
_aKarsten, Georg, _d1863-1937, _ejoint ed. |
|
| 999 |
_c9278 _d9278 |
||